Quizzes
Events
Quiz Creation
Community
Videos
Private Events
Remove Ads
Sign In
Join for FREE
Feedback
Dark Mode
Quiz Categories
Sports
Geography
Music
Movies
Television
Just For Fun
Miscellaneous
History
Literature
Language
Science
Gaming
Entertainment
Religion
Holiday
For Kids
Quiz Lab
Recent
Popular Today
Quiz Kudos Today
Editor Picks
Curator Picks
Quizzes by...
Day
Popularity
Type
Ratings
Length
Year
Community
Subscriptions
Recent Discussions
Orange Saloon
Badges
Playlists
Quests
Create
Leaderboards
Showdown
Live 5
Trivia Bingo
Activity
Puzzle Library
Sporcle Events
Private Events
Virtual Trivia
Globe League
Become a Host
Pub Owners
SporcleCon
Opinionation
Our Games
Videos
Blog
Mobile Apps
Partnerships
Remove Ads and Go Orange
Feedback
Sports
Athletes
MLB
NBA
NHL
NFL
Soccer
Sports Teams
WWE
NCAA
Football
Premier League
Basketball
Baseball
Hockey
Golf
Tennis
Cricket
Rugby
Auto Racing
Olympics
World Cup
Sports
Athletes
MLB
NBA
NHL
NFL
Soccer
Sports Teams
WWE
NCAA
Football
Premier League
Basketball
Baseball
Hockey
Golf
Tennis
Cricket
Rugby
Auto Racing
Olympics
World Cup
Random Quiz
Search Sporcle
×
Quiz Lab
Quiz Lab
Sports
MLB
Type in answers that appear in a list
Type in answers that appear in a list
Classic
Best Score? Go Orange.
Alphabetical MLB Scrambles Stats
Can you name the MLB scrambles alphabetically?
By
readmyembouchure
5m
30 Questions
27 Plays
27 Plays
27 Plays
Comments
Comments
Give Quiz Kudos
Give Quiz Kudos
-
- Ratings
hide this ad
Forced Order
Answers have to be entered in order
Answers have to be entered in order
Random Order
Randomize order of answers
Randomize order of answers
Replay
Link that replays current quiz
Next Quiz
Link to next quiz in quiz playlist
You Got
0%
They Got
Avg Score
60%
Avg Friend Score
Upgrade to see
Score Distribution
Jump to the score distribution portion of the page
Score
0/30
Timer
05:00
0
Plays Today
SCRAMBLE
ANSWER
% Correct
ABCCCGHIOSU
Chicago Cubs
85.2%
AADEEHHHIIIILLLLPPPS
Philadelphia Phillies
81.5%
BDENOOORSSTX
Boston Redsox
81.5%
ACCEGHHIIOOSTWX
Chicago White Sox
81.5%
AAAGHIILNNNNOOSSTTW
Washington Nationals
77.8%
AAEEGNRRSSTX
Texas Rangers
74.1%
AAAABCDDIIKMNNOORSZ
Arizona Diamondbacks
70.4%
EEKMNORSTWY
New York Mets
70.4%
AEEEKKNNORSWYY
New York Yankees
70.4%
DEEGIIORSTTT
Detroit Tigers
70.4%
AAEEEGGLLLNNOSSS
Los Angeles Angels
63%
ADDEEEGGLLNOORSSS
Los Angeles Dodgers
63%
ABEGHIIPPRRSSTTTU
Pittsburgh Pirates
63%
ABEJLNOOORSTTUY
Toronto Blue Jays
59.3%
AAAABELNRSTTV
Atlanta Braves
59.3%
SCRAMBLE
ANSWER
% Correct
ABEEEEIKLMRRSUW
Milwaukee Brewers
59.3%
ABEEIILLMOOORRST
Baltimore Orioles
59.3%
ACCDEIKLOOOORRS
Colorado Rockies
59.3%
AEIIMNNNOSSTTW
Minnesota Twins
59.3%
AHNOOORSSTTU
Houston Astros
55.6%
AAACCFGIINNNORSSST
San Francisco Giants
55.6%
AAAABMPRSTYY
Tampa Bay Rays
55.6%
AADDEEGINOPRSS
San Diego Padres
51.9%
ACCDEIIINNNRST
Cincinnati Reds
51.9%
AAADEHIKLLNOSTT
Oakland Athletics
44.4%
AACDDEEIILLNNNSV
Cleveland Indians
44.4%
AAACIKLNORSSSTYY
Kansas City Royals
44.4%
ACDIILLNORSSSTU
St. Louis Cardinals
37%
AADFIILLMNORRS
Florida Marlins
37%
AAEEEILMNRSSTT
Seattle Mariners
29.6%
Quiz Playlist
Details
Report
Send in Message
Add To Playlist
Classic:
Type in answers that appear in a list
Forced Order:
Answers have to be entered in order
Random Order:
Randomize order of answers
Last Updated: Feb 16, 2017
Quiz Scoreboard
CHALLENGE
Sign Up to Join the Scoreboard
Show All
Scores
Hide
Comments
May contain spoilers
Recently Published
9x9 Crossword: Cartoon Network
by jackfrog10
Miscellaneous
3m
College Basketball Coaching Resumes
by pancakes188
Sports
9m
Billboard Blitz: Fleetwood Mac
by CooCooCachoo
Music
15s
More to Explore
Quiz From the Vault
Featured Blog Post
Where Did the Easter Bunny Come From?
hide this ad
You Might Also Like...
Tags
Baseball Quiz
MLB Quiz
Alphabetical
scramble
Today's Top Quizzes in Sports
Browse Sports
hide this ad
Today's Top Quizzes in MLB
Browse MLB
Top Contributed Quizzes in Sports
1
2022 World Cup Stars
2
Les meilleurs buteurs des matchs entre le PSG et l’OM
3
FIFA Club World Cup Champions
4
Les entraîneurs de l'OM et du PSG au 21e siècle
5
Criteria MLB: Left Handed Sluggers
6
AFC Teams Reveal (Wrong Answers Minefield)
7
2023 MLB Unique Player Accomplishments
8
5-to-1: FBS Animal Nicknames
9
Players with Multiple 50 Home Run Seasons
10
5-to-1: UK Sports Teams
Explore More
Trending Topics
Anime
Harry Potter
Crossword
NBA
Disney
Marvel
Kpop
Soccer
The Office
NFL
Country
Pokémon
Song
Puzzle
WWE
hide this ad
More By:
readmyembouchure
Quiz
Plays
Rating
Category
Featured
Created
Little House on the Prairie Episodes
812
2.00
Television
Nov 9, 2013
One Foot in the Grave Episodes
263
5.00
Television
Nov 9, 2013
Horrible Histories: Historical Figures
149
Television
Apr 13, 2019
Alphabetical MLB Scrambles
27
3.00
Sports
Nov 10, 2013
Go to Creator's Profile
Score Distribution
Quiz Creator Spotlight
readmyembouchure
Follow
Send a Message
Quizzes Created
-
Created Quiz Play Count
-
More By This Creator
Popular Quizzes Today
1
Find the US States - No Outlines Minefield
2
Find the Countries of Europe - No Outlines Minefield
3
The Countries of the World
4
Find the US States
5
Risky Map Clicking: Biggest States A-Z
6
US States
7
Popular People in 1961
8
Movies - When Are They Set?
More Sports Quizzes
Mystery Crossword: Big 4 Sports Team I
Curator's Pick
Trending Quizzes
Risky Map Clicking: Least Populous States A-Z
1-10 Letter G Words
1-10 Letter F Words
Risky Map Clicking: Next State Alphabetically
Adjectives in 80s TV Shows
Recently Updated
Leaping Animals
pecheneg
Reality TV Shows (A-Z)
bhenderson79
Rickey Henderson's Hall of Fame Teammates
pecheneg
Champions League XIs: Arsenal
pecheneg
Quick Pick: Celebrities in WWE's Hall of Fame
aduchscher
A-Z Keypad Blitz II
pecheneg
Multiple Oscar Actors
pecheneg
Mystery Phrase Blitz: Oscar 'Best Actors'
pecheneg
F. Scott Fitzgerald Novels
LTH
Pick 3 Villains
ddd62291
Trending Topics
Marvel
Disney
NBA
Anime
Harry Potter
Kpop
Crossword
The Office
NFL
Puzzle
Song
Country
WWE
Soccer
Pokémon
Your Account Isn't Verified!
In order to create a playlist on Sporcle, you need to verify the email address you used during registration. Go to your
Sporcle Settings
to finish the process.
Report this User
Report this user for behavior that violates our
Community Guidelines
.
Details:
Send Report
Go to the Sporcle.com Mobile Site →
Comments